| 000 | 00364nam a2200133Ia 4500 | ||
|---|---|---|---|
| 008 | 211105s9999||||xx |||||||||||||| ||und|| | ||
| 082 | _aRD 362.6 T172M | ||
| 084 | _b14-00088 | ||
| 110 | _aConsejo Nacional de la Persona Envejeciente | ||
| 245 | 0 | _aEl maltrato hacia las personas mayores en la República Dominicana | |
| 260 | _c2010 | ||
| 300 | _a0 | ||
| 999 |
_c15785 _d15785 |
||